Exposició inaugural : (conjunt) : temporada 1927-1928 (conjunt) : temporada 1927-1928
MARC
| LEADER | 00000nam a2200000 a 4500 | ||
|---|---|---|---|
| 001 | 29146 | ||
| 003 | AGDB | ||
| 005 | 20260324181541.0 | ||
| 008 | 251219b spa||||| |||| 00| 0 cat d | ||
| 040 | |a agdb |b cat | ||
| 041 | |a cat | ||
| 245 | |a Exposició inaugural : |b (conjunt) : temporada 1927-1928 | ||
| 260 | |a Barcelona : |b L'Estampa, |c [s.a.] | ||
| 300 | |a [13] pàgines ; |c 13 x 10 cm | ||
| 500 | |a Prové del fons Joan Junyer i Pascual (1909-1994) | ||
| 500 | |a Catàleg de l'exposició celebrada a les Galeries Dalmau, Barcelona, del 20 d'octubre al 4 de novembre (any desconegut) | ||
| 650 | |a Fons Joan Junyer i Pascual (1909-1994) |9 72777 | ||
| 650 | 0 | |a Art |x Exposicions |2 Arxiu |9 43798 | |
| 650 | 0 | |a Art |x Catàlegs |9 26592 | |
| 650 | 0 | |a Pintura catalana |x S. XX |x Exposicions |2 Arxiu |9 26327 | |
| 650 | 0 | |a Galeries d'art |x Catàlegs |9 72877 | |
| 655 | 0 | |a Catàlegs d'exposicions |9 69807 | |
| 700 | |a Sucre, Josep Maria de, |d 1886-1969 |9 72897 |e autor del pròleg | ||
| 710 | 2 | |a Galeries Dalmau |9 53612 |e institució d'acollida | |
| 942 | |2 udc |c ARXIU |n 1 | ||
| 952 | |0 0 |1 0 |2 udc |4 0 |6 F504238 |7 1 |9 98824 |a Arxiu |b Arxiu |d 2025-12-19 |l 0 |o F-504-238 |p 29146 |r 2025-12-19 10:58:12 |w 2025-12-19 |y ARXIU |z Li falta la portadella | ||
| 952 | |0 0 |1 0 |2 udc |4 0 |6 F504239 |7 1 |9 98825 |a Arxiu |b Arxiu |d 2025-12-19 |l 0 |o F-504-239 |p 29147 |r 2025-12-19 11:00:02 |w 2025-12-19 |y ARXIU |z Li falta la portadella | ||
| 999 | |c 130510 |d 130510 | ||